| 000 | 00970nam a22002897a 4500 | ||
|---|---|---|---|
| 003 | MX-MxUPN | ||
| 005 | 20240914063746.0 | ||
| 008 | 240823s1976 mx d|||gr|||| 00| 0 spa d | ||
| 020 | _a9682402689 | ||
| 040 |
_aMX-MxUPN _dMX-MxUPN _bspa |
||
| 041 | _aspa | ||
| 050 | 4 |
_aHF5549 _bA72 1976 |
|
| 245 | 0 | 0 | _aAdministración de recursos humanos |
| 250 | _aSegunda edición | ||
| 260 |
_aMéxico, D.F. : _bEditorial Trillas, _c1976. |
||
| 300 |
_a525 páginas : _bgráficas |
||
| 490 | 0 | _aBiblioteca de ciencias de la administración | |
| 504 | _aIncluye bibliografía. | ||
| 650 | 4 |
_aAdministración _vManuales _9426 |
|
| 650 | 2 |
_923676 _aRecursos humanos _xAdministración |
|
| 650 | 2 |
_9487 _aAdministración de personal |
|
| 650 | 4 |
_99354 _aPsicología industrial |
|
| 700 | 1 |
_928747 _aArias Galicia, L. Fernando _ecoordinación |
|
| 775 | 0 | _tAdministración de recursos humanos | |
| 902 |
_aMarisolLicea/23082024 _bMaríaRobles/130924 |
||
| 942 |
_2lcc _cLIBRO _n0 |
||
| 999 |
_c211613 _d211613 |
||